000 00664nam a2200277Ia 4500
005 20260324134812.0
008 008 260324s9999 xx 000 0 eng d
020 _a9780429152979
037 _aEBOOK
040 _aCRL
040 _beng
040 _cCRL
041 _2eng
041 _aeng
084 _qCRL
100 _aV.A. Rozhansky; L.D. Tsendin
_91198210
245 0 _aTransport Phenomena in Partially Ionized Plasma
260 _bTaylor and Francis
260 _c2001
365 _a
365 _b480
856 _uhttp://www.taylorfrancis.com/books/9780429152979
942 _cEBOOK
999 _c1798646
_d1798646